Impact of Marital Status „Single“ on Behavior and Well-Being of an Employee or a Student
Správanie zamestnancov, ich postoje a záujem o prácu sú predmetom nespočetných štúdií a skúmaní. Mnohí sa na problematiku motivácie a stimulácie zamestnancov pozerajú z pohľadu pozície, vzdelania, veku či pohlavia. V rámci dostupných zistení však neexistujú poznatky o postavení zamestnancov, hoci už...
Salvato in:
| Autore principale: | |
|---|---|
| Natura: | Capitolo di libro |
| Lingua: | inglese |
| Soggetti: | |
| Tags: |
Nessun Tag, puoi essere il primo ad aggiungerne!!
|
MARC
| LEADER | 00000naa a2200000 4500 | ||
|---|---|---|---|
| 001 | 0302898 | ||
| 005 | 20240702101829.4 | ||
| 041 | 0 | |a eng | |
| 044 | |a SK | ||
| 245 | 1 | 0 | |a Impact of Marital Status „Single“ on Behavior and Well-Being of an Employee or a Student |c Denisa Gajdová |
| 520 | |a Správanie zamestnancov, ich postoje a záujem o prácu sú predmetom nespočetných štúdií a skúmaní. Mnohí sa na problematiku motivácie a stimulácie zamestnancov pozerajú z pohľadu pozície, vzdelania, veku či pohlavia. V rámci dostupných zistení však neexistujú poznatky o postavení zamestnancov, hoci už samotná skutočnosť, či zamestnanec žije sám alebo s niekým iným, predpokladá odlišné správanie. Cieľom tohto príspevku bolo zistiť, či má status „slobodný“ vplyv na správanie, výkon a pracovnú spokojnosť zamestnanca. | ||
| 610 | 2 | 0 | |a zamestnanci |
| 610 | 2 | 0 | |a manželstvo |
| 610 | 2 | 0 | |a študenti |
| 610 | 2 | 0 | |a vzťahy medziľudské |
| 610 | 2 | 0 | |a vzťahy spoločenské |
| 610 | 2 | 0 | |a štýl životný |
| 610 | 2 | 0 | |a spokojnosť v práci |
| 100 | 1 | |a Gajdová, Denisa, 1977- | |